[Event "EU-ch Cities&Town op"]
[Site "Tornelo INT"]
[Date "2023.01.29"]
[Round "?"]
[White "Kalogeris, Ioannis"]
[Black "Paryokha, Serhiy"]
[Result "1/2-1/2"]
[WhiteElo "2409"]
[BlackElo "2294"]
[PlyCount "89"]
[EventDate "2023.01.29"]
[EventType "team-swiss"]
[EventRounds "9"]
[EventCountry "NET"]
[SourceTitle "CBM 212 Extra"]
[Source "ChessBase"]
[SourceDate "2023.03.31"]
[SourceVersion "1"]
[SourceVersionDate "2023.03.31"]
[SourceQuality "1"]
[WhiteTeam "Athens Kallithea"]
[BlackTeam "Kiev Region"]
[WhiteTeamCountry "GRE"]
[BlackTeamCountry "UKR"]

1. e4 c6 2. d4 d5 3. e5 Bf5 4. Nd2 e6 5. Nb3 Nd7 6. Nf3 Ne7 7. Be2 Bg4 8. 0-0 Bxf3 9. Bxf3 Nf5 10. Bg4 g6 11. Bd2 h5 12. Bh3 Be7 13. Qe2 Qc7 14. c4 dxc4 15. Qxc4 Nb6 16. Qd3 Rd8 17. Qe4 Qd7 18. Rfd1 Qd5 19. Qxd5 Rxd5 20. Bc3 Kd8 21. g3 Kc8 22. a4 a6 23. a5 Na8 24. Ra4 Rhd8 25. Rc1 Nc7 26. Rc4 Nb5 27. Bxf5 gxf5 28. h4 Rg8 29. Kh2 Rg4 30. f3 Rg8 31. Kh3 Rg7 32. Bd2 Rd8 33. Be3 Nc7 34. R1c2 Nd5 35. Bf2 Rdg8 36. f4 Kd7 37. Nc5+ Bxc5 38. Rxc5 Nb4 39. R2c3 Nd5 40. Rb3 Kc8 41. Rc4 Rd8 42. Be1 Rdg8 43. Bf2 Rd8 44. Be1 Rdg8 45. Bf2 1/2-1/2

[Event "EU-ch Cities&Town op"]
[Site "Tornelo INT"]
[Date "2023.01.29"]
[Round "?"]
[White "Paryokha, Serhiy"]
[Black "Perdomo Araujo, Angel Eduardo"]
[Result "1-0"]
[WhiteElo "2294"]
[BlackElo "2071"]
[PlyCount "65"]
[EventDate "2023.01.29"]
[EventType "team-swiss"]
[EventRounds "9"]
[EventCountry "NET"]
[SourceTitle "CBM 212 Extra"]
[Source "ChessBase"]
[SourceDate "2023.03.31"]
[SourceVersion "1"]
[SourceVersionDate "2023.03.31"]
[SourceQuality "1"]
[WhiteTeam "Kiev Region"]
[BlackTeam "Madrid Collado Villalba"]
[WhiteTeamCountry "UKR"]
[BlackTeamCountry "ESP"]

1. d4 Nf6 2. Nf3 g6 3. Bg5 Bg7 4. c3 d5 5. Nbd2 0-0 6. e3 Nbd7 7. Bd3 c5 8. 0-0 b6 9. a4 h6 10. Bh4 g5 11. Bg3 Nh5 12. a5 Nxg3 13. hxg3 Bb7 14. Re1 e5 15. dxe5 Nxe5 16. Nxe5 Bxe5 17. Bf5 Qf6 18. g4 d4 19. cxd4 cxd4 20. e4 Bc8 21. Qb3 Bxf5 22. exf5 bxa5 23. Rxa5 Bc7 24. Ra4 Qd6 25. g3 Bb6 26. Qd3 Rfe8 27. Raa1 Qb4 28. Ne4 Rxe4 29. Rxe4 Qxb2 30. Rae1 Qc3 31. Re8+ Rxe8 32. Rxe8+ Kh7 33. Qe4 1-0